000 00721nam a2200265Ia 4500
003 OSt
005 20221006151033.0
006 a|||||r|||| 00| 0
007 ta
008 221006b |||||||| |||| 00| 0 jpn d
020 _c¥2500
024 _a20,727
037 _bGift, Japan Foundation
_cTextual
040 _aEASL
_cEASL
_bjpn
041 _2jpn
_ajpn
082 _aX:58.42.N8, M5
100 _aUEMURA Senichiro Ed.
_9657547
245 0 _aShuyokoku no chinseido
260 _aTokyo
_bDaiichi Hoki Japan
_c1985
300 _a248p.
_ccm.
490 _v JL
650 _aJL
942 _hX:58.42.N8, M5
_cTEXL
_2CC
999 _c1088813
_d1088813